| 000 | 00983cam a22002651 4500 | ||
|---|---|---|---|
| 001 | sa 68020332 | ||
| 003 | DLC | ||
| 005 | 20260227112723.0 | ||
| 008 | 750708s1968 xx 000 0 eng | ||
| 010 | _asa 68020332 | ||
| 035 | _a(OCoLC)1434758 | ||
| 040 |
_aDLC _cOAU _dDLC |
||
| 041 | 0 | _aengind | |
| 042 | _apremarc | ||
| 050 | 0 | 0 |
_aHD29 _b.P45 1968 |
| 110 | 2 | _aPerhimpunan Management Indonesia. | |
| 245 | 1 | 0 |
_aSedjarah berdirinja Perhimpunan Management Indonesia (PERMANIN) _bIndonesian Management Association (INMA) tanggal 17 April 1968, sampai Seminar on Top Management Control tanggal 8 Mei 1968. |
| 260 |
_aDjakarta, _bSekretariat Perhimpunan Management Indonesia _c[1968] |
||
| 300 |
_a 1 v. (various pagings) _c33 cm. |
||
| 500 | _aCover title. | ||
| 500 | _aIndonesian and English. | ||
| 650 | 0 |
_aIndustrial management _vCongresses. |
|
| 650 | 0 |
_aIndustrial management _zIndonesia _vCongresses. |
|
| 711 | 2 |
_aSeminar on Top Management Control _d(1968 : _cDjakarta) |
|
| 999 |
_c89365 _d89365 |
||